000 00635nam a2200253Ia 4500
003 OSt
005 20220918174300.0
006 a|||||r|||| 00| 0
007 ta
008 220917b |||||||| |||| 00| 0 eng d
024 _a11,399
037 _cTextual
040 _aARTS
_cARTS
_beng
041 _2eng
_aeng
082 _a/\:864, K3
110 _aVenkata Raman (Banglore)
_949821
245 0 _aNotable horoscopes
250 _a2nd
260 _a[n.d.]
_b[s.n.]
_c1963
650 _aSPIRITUALISM
700 _aVenkata Raman (Banglore)
_949822
942 _h/\:864, K3
_cTEXL
_2CC
999 _c152509
_d152509